[Event "Mauricie ch"]
[Site "Shawinigan"]
[Date "1976.04.04"]
[Round "4"]
[White "Leclerc, Yves"]
[Black "Lamarre, Michel"]
[Result "1/2-1/2"]
[WhiteElo "1494"]
[BlackElo "1448"]
[PlyCount "77"]
[EventDate "1976.04.03"]
[EventType "swiss"]
[EventRounds "5"]
[EventCountry "CAN"]
[SourceTitle "EXT 2022"]
[Source "ChessBase"]
[SourceDate "2021.10.06"]
[SourceVersion "1"]
[SourceVersionDate "2021.10.06"]
[SourceQuality "1"]

1. c4 g6 2. Nc3 Bg7 3. d3 e5 4. Nf3 Nc6 5. g3 d6 6. Be3 Qe7 7. Nd5 Qd8 8. Bg2 Nce7 9. 0-0 Nxd5 10. cxd5 Nf6 11. Nd2 Ng4 12. Nc4 Nxe3 13. Nxe3 0-0 14. Rc1 Bd7 15. Qb3 Qc8 16. Qc4 c6 17. dxc6 bxc6 18. Bxc6 Be6 19. Qc2 Rb8 20. b3 Qa6 21. Bg2 Rbc8 22. Qd2 Bh6 23. Rxc8 Rxc8 24. Qb2 Qb6 25. Nd5 Bxd5 26. Bxd5 Qc5 27. Bf3 Bc1 28. Qb1 Ba3 29. Rd1 Qc2 30. Qxc2 Rxc2 31. Ra1 Rd2 32. Kf1 a5 33. Ke1 Bb4 34. Kf1 Ba3 35. Ke1 Bb4 36. Kf1 Rb2 37. Bd5 Ba3 38. Ke1 Bb4+ 39. Kf1 1/2-1/2